000 00306nam a2200109Ia 4500
008 200302s9999 xx 000 0 und d
100 _aSmithi Siribhadra & Others
245 _aPalaces of the Gods Khmer Art & Architecture in Thailans
260 _bThames and Hudson Ltd.
260 _c1997
300 _a352 P.,
999 _c1906
_d1906